Villes du Monde en un Gif - Statistiques

Statistiques générales
  • Ce quiz a été pris 102 fois
  • Le résultat moyen est 18 sur 50
Statistiques - réponses
Hint Explanation Réponse % Correct
Chou de Bruxelles Bruxelles
80%
Vue de la Mecque La Mecque
71%
Extrait du Clip Alexandrie Alexandra de Claude François Alexandrie
65%
Explosion de la centrale de Fukushima Fukushima
64%
Derby de football entre Milan AC et Inter Milan Milan
64%
La série TV Rome Rome
57%
t Tokyo dans la Casa de Papel Tokyo
55%
Nairobi dans la Casa de Papel Nairobi
52%
Berlin dans la Casa de Papel Berlin
49%
Helsinki dans la Casa de Papel Helsinki
49%
Extrait du procès de Nuremberg Nuremberg
49%
Extrait de la course du Dakar Dakar
48%
Stéphane Bern Berne
45%
Darwin avec sa théorie de l'évolution en illustration Darwin
45%
Denver dans la Casa de Papel Denver
43%
Bouchon de Liège Liège
43%
Vue de Dublin Dublin
42%
Vue de Cancun Cancún
38%
Rio dans la Casa de Papel Rio
36%
Déesse Athéna Athènes
35%
la joueuse de tennis Naomi OSAKA Osaka
35%
Palerme dans la Casa de Papel Palerme
35%
La Franchise NHL de Hockey sur Glace des Canadiens de Montréal Montréal
33%
Stockholm dans la Casa de Papel Stockholm
33%
Extrait d'un épisode de la série Band of Brothers se déroulant à Bastogne Bastogne
32%
Moscou dans la Casa de Papel Moscou
32%
Extrait du film Rasta Rocket se passant aux JO de Calgary Calgary
30%
Davos Mervault dans la série TV Game of Throne Davos
30%
Halle Berry Halle
29%
Extrait de la finale de la coupe du monde de Rugby 1995 à Johannesbourg Johannesbourg
29%
Teresa Lisbon dans la série TV Mentalist Lisbonne
29%
Vue de Pyongyang Pyongyang
29%
Représentation du Duc Wellington durant la bataille de Waterloo Wellington
29%
Marseille dans la Casa de Papel Marseille
28%
Extrait du film Pattaya Pattaya
28%
Vue de Buenos Aires Buenos Aires
26%
Accident survenu durant l'émission Pékin Express Pékin
26%
Extrait du film L' auberge Espagnole se déroulant à Barcelone Barcelone
25%
Tintin échappe de peu à la mort à Shanghai dans le Lotus Bleu Shanghai
25%
Bogota dans la Casa de Papel Bogota
23%
Sofia Vergara Sofia
23%
Fernando Sucre dans la série TV Prison Break Sucre
23%
Sidney Prescott dans le film Scream Sydney
23%
Extrait du "tragique" France Allemagne de la coupe du monde de Football 1982, match à Séville Séville
22%
Fou rire entre Elstine et Clinton à New York New York
19%
Adriana Lima Lima
17%
Bob Beamon, record du monde aux JO de Mexico Mexico
16%
Derby de Football entre le Sparta et le Slavia Prague Prague
16%
Carl Lewis aux JO de Séoul Seoul
12%
Extrait du clip Les Valses de Vienne de François Feldman Vienne
10%
Aucun quiz correspondant
Distribution des résultats
% des personnes avec chaque résultat
Percentile par nombre de réponses
Votre historique - résultats
Vous n’avez pas pris ce quiz